La reina Victoria Eugenia de Cerca / (Registro nro. 9464)
[ vista simple ]
| 000 -CABECERA | |
|---|---|
| Campo de control interno | 01615nam a2200241Ia 4500 |
| 008 - ELEMENTOS DE LONGITUD FIJA - INFORMACIÓN GENERAL | |
| Campo de control de longitud fija | 260220t1967||||xx |||||||||||||| ||spa|| |
| 040 ## - FUENTE DE CATALOGACIÓN | |
| Agencia de catalogación original | PY-SlUNAC |
| Idioma de catalogación | spa |
| Convenciones de descripción | rda |
| 041 ## - CÓDIGO DE IDIOMA | |
| Código de idioma para texto/pista de sonido o título separado | spa |
| 082 ## - NÚMERO DE CLASIFICACIÓN DECIMAL DEWEY | |
| Clasificación Decimal Dewey (CDD) | 923 |
| Clasificación Expansiva de Cutter (EC) | G586r |
| 100 ## - ASIENTO PRINCIPAL - NOMBRE PERSONAL | |
| Nombre personal | Gomez Santos, Marino |
| Rol del autor | Autor |
| 245 #0 - TÍTULO | |
| Título | La reina Victoria Eugenia de Cerca / |
| Mención de responsabilidad | por Marino Gomez Santos [Autor] |
| 264 ## - PIE DE IMPRENTA | |
| Lugar | Barcelona : |
| Editorial | GP, |
| Año | ℗1967. |
| 300 ## - DESCRIPCIÓN FÍSICA | |
| Páginas | 1 volumen |
| 520 ## - NOTA DE RESUMEN | |
| Nota de resumen | El libro "La reina Victoria Eugenia de Cerca" de Marino Gómez Santos ofrece una biografía íntima y detallada de la figura de Victoria Eugenia de Battenberg, esposa del rey Alfonso XIII de España. A través de una narrativa accesible y rica en anécdotas, el autor explora la vida personal y pública de la reina, desde su llegada a España hasta su exilio tras la proclamación de la Segunda República. Gómez Santos analiza el contexto histórico y político de la época, abordando la influencia de Victoria Eugenia en la corte española y su papel en la sociedad, así como su relación con la familia real y otros personajes clave. Además, el texto destaca su compromiso con la sanidad y la educación, así como su legado en la cultura española. La obra se convierte en un valioso recurso para comprender no solo la vida de una mujer emblemática, sino también los desafíos que enfrentó la monarquía española en un periodo convulso. |
| 653 ## - MATERIA - TÉRMINO TEMÁTICO NO CONTROLADO (PALABRAS CLAVE) | |
| Materia - término temático no controlado (palabras clave) | Biografía |
| 653 ## - MATERIA - TÉRMINO TEMÁTICO NO CONTROLADO (PALABRAS CLAVE) | |
| Materia - término temático no controlado (palabras clave) | Historia |
| 653 ## - MATERIA - TÉRMINO TEMÁTICO NO CONTROLADO (PALABRAS CLAVE) | |
| Materia - término temático no controlado (palabras clave) | Monarquía |
| 942 ## - ELEMENTOS PERSONALIZADOS (KOHA) | |
| Fecha catalogación | 2026/02/17 |
| Tipo de documento | Libros |
| Fuente de Clasificacion | Colección | Ubicacion permanente | Biblioteca actual | Fecha de Ingreso a la Biblioteca | Origen de adquisición | Código de ubicación | Código de barras | Tipo de Item KOHA | Nota pública |
|---|---|---|---|---|---|---|---|---|---|
| Dewey Decimal Classification | Colección General (CG) | Biblioteca e Internet, Facultad de Ciencias Exactas y Naturales | Biblioteca e Internet, Facultad de Ciencias Exactas y Naturales | 02/20/2026 | Donación | 923 G586r | CG2824 | Libros | Material disponible en la Biblioteca e Intenet, Campus UNA, San Lorenzo. |


